Library Banner

Cognitive science (Record no. 54756)

MARC details
000 -LEADER
fixed length control field 00541nam a2200193Ia 4500
001 - CONTROL NUMBER
control field 57471
008 - FIXED-LENGTH DATA ELEMENTS--GENERAL INFORMATION
fixed length control field 140507s9999 xx 000 0 und d
020 ## - INTERNATIONAL STANDARD BOOK NUMBER
International Standard Book Number 9781412977616
040 ## - CATALOGING SOURCE
Transcribing agency PK-LaUMT
082 ## - DEWEY DECIMAL CLASSIFICATION NUMBER
Classification number 153
Item number FRI-C
100 ## - MAIN ENTRY--PERSONAL NAME
Personal name Friedenberg, Jay
245 ## - TITLE STATEMENT
Title Cognitive science
Remainder of title an introduction to the study of mind
Statement of responsibility, etc Friedenberg, Jay<>Silverman, Gordon
260 ## - PUBLICATION, DISTRIBUTION, ETC. (IMPRINT)
Place of publication, distribution, etc New Delhi,India:
Name of publisher, distributor, etc Sterling Publishers,
Date of publication, distribution, etc 2012
300 ## - PHYSICAL DESCRIPTION
Extent 517 p.
546 ## - LANGUAGE NOTE
Language note EN
650 ## - SUBJECT ADDED ENTRY--TOPICAL TERM
Topical term or geographic name as entry element Cognitive science
700 ## - ADDED ENTRY--PERSONAL NAME
Personal name Silverman, Gordon
942 ## - ADDED ENTRY ELEMENTS (KOHA)
Koha item type Books
Holdings
Withdrawn status Lost status Damaged status Not for loan Home library Current library Date acquired Total Checkouts Full call number Barcode Date last seen Date checked out Price effective from Koha item type
        UMT Main Campus UMT Main Campus 2014-05-07 5 153 FRI-C 77304 2026-06-01 2026-04-30 2014-05-08 Books